[Event "Ramat Gan Purim Rapid op"]
[Site "Ramat Gan"]
[Date "2023.03.06"]
[Round "5"]
[White "Azoulay, Yehonatan"]
[Black "Soybert, Ori"]
[Result "0-1"]
[WhiteElo "1821"]
[BlackElo "1784"]
[PlyCount "88"]
[EventDate "2023.03.06"]
[EventType "swiss (rapid)"]
[EventRounds "5"]
[EventCountry "ISR"]
[SourceTitle "CBM 213 Extra"]
[Source "ChessBase"]
[SourceDate "2023.05.31"]
[SourceVersion "1"]
[SourceVersionDate "2023.05.31"]
[SourceQuality "1"]

1. e4 c5 2. Nf3 Nc6 3. Bb5 e5 4. 0-0 Bd6 5. Bxc6 dxc6 6. d3 Ne7 7. Be3 f6 8. Nbd2 Be6 9. c3 0-0 10. d4 cxd4 11. cxd4 Bg4 12. h3 Bh5 13. Qb3+ Bf7 14. Qc2 exd4 15. Nxd4 Qc7 16. Rac1 Rac8 17. Nc4 Bh2+ 18. Kh1 Bf4 19. Bxf4 Qxf4 20. Ne2 Qc7 21. Ne3 Rfe8 22. b3 Bg6 23. f3 Kh8 24. Rfd1 Red8 25. Nd4 Qf4 26. Qc3 Qb8 27. Ne6 Rd6 28. Nc5 b6 29. Na6 Rxd1+ 30. Rxd1 Qb7 31. Nb4 Qc7 32. Qd2 Be8 33. Qd6 Qxd6 34. Rxd6 Kg8 35. Nc4 Kf8 36. Rd1 Ng6 37. Nd6 Rd8 38. Rd3 Ne5 39. Rd4 c5 40. Rd5 cxb4 41. f4 Nf7 42. Nb7 Rxd5 43. exd5 Bd7 44. Nd8 Nxd8 0-1

[Event "Ramat Gan op"]
[Site "Ramat Gan"]
[Date "2023.01.23"]
[Round "2"]
[White "Soybert, Ori"]
[Black "Levitan, Ronit"]
[Result "0-1"]
[WhiteElo "1736"]
[BlackElo "2064"]
[PlyCount "76"]
[EventDate "2023.01.16"]
[EventType "swiss"]
[EventRounds "7"]
[EventCountry "ISR"]
[SourceTitle "CBM 213 Extra"]
[Source "ChessBase"]
[SourceDate "2023.05.31"]
[SourceVersion "1"]
[SourceVersionDate "2023.05.31"]
[SourceQuality "1"]

1. e4 e5 2. Nf3 Nc6 3. d4 exd4 4. Nxd4 Nf6 5. Nxc6 bxc6 6. e5 Qe7 7. Qe2 Nd5 8. h4 a5 9. c4 Ba6 10. g3 Nb6 11. b3 g6 12. Bg2 Bg7 13. Bb2 0-0 14. 0-0 Rfe8 15. Re1 f6 16. e6 Qxe6 17. Qxe6+ Rxe6 18. Rxe6 dxe6 19. Nd2 Kf7 20. Bxc6 Rb8 21. Bc3 a4 22. Ne4 Bb7 23. Bxb7 Rxb7 24. Rd1 Ra7 25. Nc5 Bf8 26. Nd7 Be7 27. Bd4 axb3 28. axb3 Rb7 29. Nc5 Rb8 30. Na6 Rd8 31. Rd2 c5 32. Be3 Rxd2 33. Bxd2 Bd6 34. Be3 Nd7 35. b4 cxb4 36. c5 b3 37. Bd4 Nxc5 38. Nb4 Be5 0-1

[Event "ISR-ch U08/18"]
[Site "Savyon"]
[Date "2022.04.10"]
[Round "3"]
[White "Soybert, Ori"]
[Black "Levin, Guy"]
[Result "0-1"]
[WhiteElo "1632"]
[BlackElo "2340"]
[PlyCount "66"]
[EventDate "2022.04.06"]
[EventType "swiss"]
[EventRounds "9"]
[EventCountry "ISR"]
[SourceTitle "EXT 2023"]
[Source "ChessBase"]
[SourceDate "2022.10.05"]
[SourceVersion "1"]
[SourceVersionDate "2022.10.05"]
[SourceQuality "1"]

1. c4 e5 2. Nc3 Bb4 3. Nd5 a5 4. Nf3 d6 5. a3 Bc5 6. e3 Nd7 7. Be2 c6 8. Nc3 Ngf6 9. d4 Ba7 10. 0-0 0-0 11. d5 Qe7 12. e4 h6 13. h3 Nc5 14. Qc2 a4 15. Bd3 Nh5 16. Re1 Nb3 17. Rb1 Nxc1 18. Rbxc1 Nf4 19. Bf1 f5 20. exf5 Bxf5 21. Qd2 Qf6 22. Nd1 cxd5 23. cxd5 Qg6 24. Kh1 Qh5 25. Nh2 Qg6 26. Nf3 Qf7 27. Nh4 Bxh3 28. gxh3 Qh5 29. Rc3 Qxh4 30. Rg3 Rf6 31. Ne3 Nh5 32. Ng4 Nxg3+ 33. fxg3 Rxf1+ 0-1